| 000 | 00614nam a22002177a 4500 | ||
|---|---|---|---|
| 003 | UA-OsUOA | ||
| 001 | 96378 | ||
| 007 | ta | ||
| 008 | 20130319b un ||||| |||| 00| 0 ukr d | ||
| 100 | _aБетко І. | ||
| 090 |
_a82 _bБ54 |
||
| 942 | _cSA | ||
| 040 |
_aUA-OsUOA _bukr _cUA-OsUOA _dUA-OsUOA |
||
| 245 | _aМістерія відчуження душі від тіла в українській постмодерній прозі | ||
| 300 | _aС.44-52 | ||
| 955 | _a0 | ||
| 041 | _aukr | ||
| 080 | _a82 | ||
| 773 | 0 | _w96375 | |
| 650 | 7 |
_a82 Література. Літературознавство _2UDC |
|
| 999 |
_c382637 _d382637 |
||